Placebo Songs - Statistics

General Stats
  • This quiz has been taken 220 times
  • The average score is 58 of 98
Answer Stats
Album Answer % Correct
Without You I'm Nothing (1998) Without You I'm Nothing
92%
Meds (2006) Meds
90%
Without You I'm Nothing (1998) Every You Every Me
83%
Placebo (1996) Nancy Boy
83%
Black Market Music (2000) Special K
82%
Without You I'm Nothing (1998) Pure Morning
80%
Battle for the Sun (2009) Battle for the Sun
78%
Never Let Me Go (2022) Beautiful James
78%
Meds (2006) Infra-Red
78%
Loud Like Love (2013) Loud Like Love
78%
Sleeping With Ghosts (2003) Sleeping With Ghosts
77%
Sleeping With Ghosts (2003) Special Needs
77%
Sleeping With Ghosts (2003) The Bitter End
77%
Placebo (1996) 36 Degrees
75%
Black Market Music (2000) Taste in Men
75%
Without You I'm Nothing (1998) Burger Queen
73%
Placebo (1996) Bionic
70%
Meds (2006) Song to Say Goodbye
70%
Meds (2006) Space Monkey
70%
Placebo (1996) Teenage Angst
70%
Without You I'm Nothing (1998) Brick Shithouse
68%
Sleeping With Ghosts (2003) English Summer Rain
68%
Without You I'm Nothing (1998) My Sweet Prince
67%
Sleeping With Ghosts (2003) Protect Me from What I Want
67%
Sleeping With Ghosts (2003) This Picture
67%
Loud Like Love (2013) Too Many Friends
67%
Placebo (1996) Bruise Pristine
65%
Placebo (1996) Come Home
65%
Meds (2006) Pierrot the Clown
65%
Battle for the Sun (2009) Ashtray Heart
63%
Without You I'm Nothing (1998) Evil Dildo
63%
Meds (2006) Follow the Cops Back Home
63%
Placebo (1996) I Know
63%
Meds (2006) Post Blue
63%
Loud Like Love (2013) A Million Little Pieces
62%
Meds (2006) Blind
62%
Battle for the Sun (2009) Kitty Litter
62%
Placebo (1996) Lady of the Flowers
62%
Black Market Music (2000) Slave to the Wage
60%
Black Market Music (2000) Black-Eyed
58%
Loud Like Love (2013) Bosco
58%
Meds (2006) Broken Promise
58%
Sleeping With Ghosts (2003) Bulletproof Cupid
58%
Never Let Me Go (2022) Happy Birthday in the Sky
58%
Never Let Me Go (2022) Surrounded by Spies
58%
Battle for the Sun (2009) Breathe Underwater
57%
Sleeping With Ghosts (2003) Centrefolds
57%
Meds (2006) Drag
57%
Black Market Music (2000) Haemoglobin
57%
Black Market Music (2000) Peeping Tom
57%
Without You I'm Nothing (1998) Scared of Girls
57%
Loud Like Love (2013) Scene of the Crime
57%
Black Market Music (2000) Spite and Malice
57%
Without You I'm Nothing (1998) You Don't Care About Us
57%
Without You I'm Nothing (1998) Allergic (To Thoughts of Mother Earth)
55%
Sleeping With Ghosts (2003) Plasticine
55%
Loud Like Love (2013) Rob the Bank
55%
Without You I'm Nothing (1998) The Crawl
55%
Battle for the Sun (2009) For What It's Worth
53%
Battle for the Sun (2009) Julien
53%
Placebo (1996) Swallow
53%
Without You I'm Nothing (1998) Ask for Answers
52%
Meds (2006) Because I Want You
52%
Black Market Music (2000) Black Market Blood
52%
Black Market Music (2000) Commercial for Levi
52%
Black Market Music (2000) Days Before You Came
52%
Loud Like Love (2013) Exit Wounds
52%
Never Let Me Go (2022) Forever Chemicals
52%
Never Let Me Go (2022) Hugz
52%
Meds (2006) In the Cold Light of Morning
52%
Never Let Me Go (2022) Chemtrails
50%
Placebo (1996) Hang on to Your IQ
50%
Meds (2006) One of a Kind
50%
Black Market Music (2000) Passive Aggressive
50%
Loud Like Love (2013) Begin the End
48%
Black Market Music (2000) Blue American
48%
Battle for the Sun (2009) Bright Lights
48%
Never Let Me Go (2022) Fix Yourself
48%
Placebo (1996) H. K. Farewell
48%
Battle for the Sun (2009) Kings of Medicine
48%
Black Market Music (2000) Narcoleptic
48%
Never Let Me Go (2022) Sad White Reggae
48%
Sleeping With Ghosts (2003) Second Sight
48%
Sleeping With Ghosts (2003) Something Rotten
48%
Never Let Me Go (2022) Went Missing
48%
Battle for the Sun (2009) Come Undone
47%
Sleeping With Ghosts (2003) I'll Be Yours
47%
Never Let Me Go (2022) The Prodigal
47%
Never Let Me Go (2022) Try Better Next Time
47%
Battle for the Sun (2009) Devil in the Details
45%
Battle for the Sun (2009) The Never-Ending Why
45%
Loud Like Love (2013) Hold on to Me
43%
Loud Like Love (2013) Purify
42%
Never Let Me Go (2022) This Is What You Wanted
42%
Never Let Me Go (2022) Twin Demons
42%
Battle for the Sun (2009) Happy You're Gone
40%
Battle for the Sun (2009) Speak in Tongues
40%
Without You I'm Nothing (1998) Summer's Gone
40%
No matching quizzes found
Score Distribution
Percent of People with Each Score
Percentile by Number Answered
Your Score History
You have not taken this quiz